[Event "Winnipeg TNT April op"]
[Site "Winnipeg CAN"]
[Date "2011.04.05"]
[Round "1"]
[White "Reimer, Bruce"]
[Black "Kernetsky, Myron"]
[Result "0-1"]
[WhiteElo "1663"]
[BlackElo "2034"]
[PlyCount "136"]
[GameId "2160767909778993"]
[EventDate "2011.04.05"]
[EventType "swiss"]
[EventRounds "4"]
[EventCountry "CAN"]
[SourceTitle "EXT 2022"]
[Source "ChessBase"]
[SourceDate "2021.10.06"]
[SourceVersion "1"]
[SourceVersionDate "2021.10.06"]
[SourceQuality "1"]

1. c4 e5 2. g3 Nc6 3. Bg2 g6 4. Nc3 Bg7 5. e4 d6 6. Nge2 Nge7 7. O-O h5 8. d3 Bg4 9. h3 Be6 10. Nd5 f6 11. f4 Qd7 12. fxe5 fxe5 13. Bg5 O-O-O 14. b4 Rdf8 15. Rxf8+ Rxf8 16. b5 Bxd5 17. bxc6 Bxc6 18. Nc3 Ng8 19. Qd2 Qe8 20. Nd5 Kb8 21. h4 Rf7 22. a4 Qf8 23. a5 Nf6 24. a6 b6 25. Bxf6 Bxf6 26. Rf1 Bd8 27. Rxf7 Qxf7 28. Qh6 Bd7 29. Qh8 Kc8 30. Qh6 c6 31. Nb4 Kc7 32. Qe3 Be7 33. Qf2 Qxf2+ 34. Kxf2 d5 35. Nc2 dxc4 36. dxc4 Bc8 37. Ne1 Bxa6 38. Bf1 Bc8 39. Nd3 Bd6 40. Be2 Be6 41. Nb2 a6 42. Na4 b5 43. cxb5 axb5 44. Nb2 Kb6 45. Ke3 Ka5 46. Kd3 Kb4 47. Kc2 Bb3+ 48. Kd2 c5 49. Nd3+ Ka5 50. Nf2 Be6 51. Nd1 Bf8 52. Nc3 c4 53. Nd5 Bxd5 54. exd5 Kb4 55. Kc2 Kc5 56. Bf3 Bd6 57. Be4 b4 58. Bxg6 b3+ 59. Kb2 e4 60. Bxe4 Bxg3 61. Bg6 Bxh4 62. Bxh5 Bf6+ 63. Kb1 c3 64. Bg6 Be5 65. Be4 Kd4 66. Bg6 Ke3 67. Bf7 Kd2 68. Bg6 c2+ 0-1

[Event "Winnipeg TNT April op"]
[Site "Winnipeg CAN"]
[Date "2011.04.05"]
[Round "1"]
[White "Wolchock, Theo"]
[Black "Mundwiler, Les"]
[Result "0-1"]
[WhiteElo "1619"]
[BlackElo "2019"]
[PlyCount "94"]
[GameId "2160767909778996"]
[EventDate "2011.04.05"]
[EventType "swiss"]
[EventRounds "4"]
[EventCountry "CAN"]
[SourceTitle "EXT 2022"]
[Source "ChessBase"]
[SourceDate "2021.10.06"]
[SourceVersion "1"]
[SourceVersionDate "2021.10.06"]
[SourceQuality "1"]

1. e4 e5 2. Nf3 Nc6 3. d4 exd4 4. Nxd4 Nf6 5. Nc3 Bb4 6. Nxc6 bxc6 7. Bd3 h6 8. O-O d6 9. h3 O-O 10. Re1 Re8 11. e5 dxe5 12. Rxe5 Be6 13. Re1 Qd7 14. Bf4 Bd6 15. Bxd6 cxd6 16. Qd2 Rab8 17. b3 c5 18. Bb5 Rxb5 19. Nxb5 Qxb5 20. Qxd6 c4 21. bxc4 Qxc4 22. Qd3 Qc7 23. Re2 Rd8 24. Qe3 Nd5 25. Qg3 Qc4 26. Rae1 Qxa2 27. Rd2 Rc8 28. Qb3 Qa5 29. Red1 Nc3 30. Qb2 Nxd1 31. Rxd1 Qc5 32. Rd2 a5 33. Qc1 a4 34. Qe1 a3 35. Qa1 a2 36. Rd1 Qxc2 37. Re1 Rb8 38. Rc1 Rb1 39. Rxb1 axb1=Q+ 40. Qxb1 Qxb1+ 41. Kh2 Qb8+ 42. Kg1 Bd5 43. f3 Qb6+ 44. Kh2 Qf2 45. Kh1 h5 46. h4 g6 47. f4 Qxg2# 0-1

[Event "Winnipeg TNT April op"]
[Site "Winnipeg CAN"]
[Date "2011.04.12"]
[Round "2"]
[White "Baron, Cody"]
[Black "Reimer, Bruce"]
[Result "0-1"]
[WhiteElo "1304"]
[BlackElo "1663"]
[PlyCount "102"]
[GameId "2160767909778997"]
[EventDate "2011.04.05"]
[EventType "swiss"]
[EventRounds "4"]
[EventCountry "CAN"]
[SourceTitle "EXT 2022"]
[Source "ChessBase"]
[SourceDate "2021.10.06"]
[SourceVersion "1"]
[SourceVersionDate "2021.10.06"]
[SourceQuality "1"]

1. f3 e5 2. g3 d5 3. d3 Nf6 4. Bg5 h6 5. Bxf6 Qxf6 6. Bh3 Nc6 7. Bxc8 Rxc8 8. e3 Bc5 9. Qe2 O-O 10. c3 Rfe8 11. Nd2 d4 12. Ne4 Qe7 13. b4 Bb6 14. b5 Na5 15. exd4 exd4 16. c4 Qa3 17. Kf2 f5 18. Nh3 fxe4 19. fxe4 Rf8+ 20. Kg2 c6 21. Rhf1 cxb5 22. Rf2 bxc4 23. Raf1 cxd3 24. Qg4 Nc4 25. Qe6+ Kh8 26. Rxf8+ Rxf8 27. Rxf8+ Qxf8 28. Qxc4 Qg8 29. Qxg8+ Kxg8 30. Kf1 Kf7 31. Nf4 d2 32. Ke2 Ba5 33. Nd5 Ke6 34. a3 Ke5 35. Nb4 Bxb4 36. axb4 Kxe4 37. Kxd2 g5 38. g4 Kf3 39. Kd3 Kxg4 40. Kxd4 Kh3 41. Kc5 Kxh2 42. Kd6 g4 43. Kc7 g3 44. Kxb7 g2 45. Kxa7 g1=Q+ 46. Ka6 Qa1+ 47. Kb5 Qa7 48. Kc4 Kg3 49. b5 Qb6 50. Kb4 Kf4 51. Kc4 Ke4 0-1

[Event "Winnipeg TNT April op"]
[Site "Winnipeg CAN"]
[Date "2011.04.12"]
[Round "2"]
[White "Green, Aaron"]
[Black "Greenberg, Harley"]
[Result "1-0"]
[WhiteElo "2021"]
[BlackElo "1682"]
[PlyCount "73"]
[GameId "2160767909778999"]
[EventDate "2011.04.05"]
[EventType "swiss"]
[EventRounds "4"]
[EventCountry "CAN"]
[SourceTitle "EXT 2022"]
[Source "ChessBase"]
[SourceDate "2021.10.06"]
[SourceVersion "1"]
[SourceVersionDate "2021.10.06"]
[SourceQuality "1"]

1. e4 c5 2. Nc3 Nc6 3. Nf3 e5 4. Bc4 Nf6 5. Ng5 d5 6. exd5 Nd4 7. d3 Bd6 8. O-O O-O 9. a4 e4 10. Ngxe4 Ng4 11. f4 Qh4 12. h3 Re8 13. Nb5 Rxe4 14. dxe4 Qg3 15. hxg4 Bxg4 16. Qxg4 Qxg4 17. Nxd6 Nxc2 18. Rb1 Qg6 19. Nf5 Re8 20. Bb3 Nb4 21. Re1 h5 22. Bd2 Nd3 23. Re3 Nxf4 24. g3 Rxe4 25. Rxe4 Qxf5 26. Bc2 Nh3+ 27. Kg2 Qf2+ 28. Kxh3 Qf5+ 29. Kh2 Qf2+ 30. Kh3 Qf5+ 31. Kg2 Qxd5 32. Rd1 f5 33. Bc3 Qc6 34. Bb3+ Kh7 35. Bd5 Qg6 36. Re7 Qa6 37. Rxg7+ 1-0

[Event "Winnipeg TNT April op"]
[Site "Winnipeg CAN"]
[Date "2011.04.12"]
[Round "2"]
[White "Green, Jim"]
[Black "Milward, David"]
[Result "1-0"]
[WhiteElo "1826"]
[BlackElo "1681"]
[PlyCount "51"]
[GameId "2160767909779000"]
[EventDate "2011.04.05"]
[EventType "swiss"]
[EventRounds "4"]
[EventCountry "CAN"]

1. e4 e6 2. e5 c5 3. Nf3 Nc6 4. Bb5 Nge7 5. c3 a6 6. Ba4 b5 7. Bc2 Ng6 8. d4 Be7 9. O-O O-O 10. Be3 cxd4 11. cxd4 Bb7 12. Nc3 d6 13. exd6 Bxd6 14. Ne4 Nb4 15. Bb1 Rc8 16. a3 Nd5 17. Nxd6 Qxd6 18. Bd3 Rfd8 19. Rc1 e5 20. Rxc8 Rxc8 21. Bf5 Rd8 22. Bxg6 Nxe3 23. Bxf7+ Kxf7 24. fxe3 Kg8 25. Nxe5 Qh6 26. Qe2 1-0

[Event "Winnipeg TNT April op"]
[Site "Winnipeg CAN"]
[Date "2011.04.12"]
[Round "2"]
[White "Kernetsky, Myron"]
[Black "Pottinger, Carl"]
[Result "1-0"]
[WhiteElo "2034"]
[BlackElo "1903"]
[PlyCount "92"]
[GameId "2160767909779002"]
[EventDate "2011.04.05"]
[EventType "swiss"]
[EventRounds "4"]
[EventCountry "CAN"]
[SourceTitle "EXT 2022"]
[Source "ChessBase"]
[SourceDate "2021.10.06"]
[SourceVersion "1"]
[SourceVersionDate "2021.10.06"]
[SourceQuality "1"]

1. d4 Nf6 2. Nf3 e6 3. Bf4 c5 4. c3 Qa5 5. e3 cxd4 6. exd4 d5 7. Nbd2 Be7 8. Bd3 O-O 9. O-O Bd7 10. Qe2 Nh5 11. Be3 f5 12. Ne5 Nf6 13. f3 Be8 14. g4 Nfd7 15. Nxd7 Nxd7 16. Bf4 e5 17. Bxe5 Nxe5 18. Qxe5 Bf6 19. Qe2 Bd7 20. Nb3 Qc7 21. Nc5 fxg4 22. fxg4 Rae8 23. Qg2 Bc6 24. Rae1 Be7 25. Rxf8+ Bxf8 26. Rxe8 Bxe8 27. Qxd5+ Bf7 28. Qe4 g6 29. Ne6 Qc8 30. Nxf8 Qxf8 31. Qxb7 Qh6 32. Qb8+ Kg7 33. Qe5+ Kg8 34. g5 Qh5 35. Be2 Qh4 36. Bf3 h6 37. Qg3 Qxg3+ 38. hxg3 Bxa2 39. gxh6 Kh7 40. b4 Bc4 41. Kf2 Kxh6 42. Ke3 Kg5 43. d5 Kf6 44. Kd4 Ba6 45. c4 Bb7 46. c5 Ke7 1-0

[Event "Winnipeg TNT April op"]
[Site "Winnipeg CAN"]
[Date "2011.04.12"]
[Round "2"]
[White "Milord, Frank"]
[Black "Wasserman, Leor"]
[Result "0-1"]
[WhiteElo "1658"]
[BlackElo "1844"]
[PlyCount "64"]
[GameId "2160767909779004"]
[EventDate "2011.04.05"]
[EventType "swiss"]
[EventRounds "4"]
[EventCountry "CAN"]
[SourceTitle "EXT 2022"]
[Source "ChessBase"]
[SourceDate "2021.10.06"]
[SourceVersion "1"]
[SourceVersionDate "2021.10.06"]
[SourceQuality "1"]

1. e4 c5 2. Nf3 d6 3. d4 Nf6 4. Nc3 cxd4 5. Nxd4 e5 6. Nb3 Be7 7. f3 Nc6 8. Be3 a5 9. a3 a4 10. Nd2 O-O 11. Nc4 b5 12. Nb6 Rb8 13. Nxc8 Rxc8 14. Bxb5 Qa5 15. O-O Na7 16. Bd3 d5 17. Nxd5 Nxd5 18. exd5 f5 19. c4 Rb8 20. Qc2 Rb3 21. Kh1 Rfb8 22. Rab1 e4 23. fxe4 fxe4 24. Bxe4 Rxe3 25. Bxh7+ Kh8 26. Be4 Bf6 27. Bf3 Rbe8 28. Qf2 Qc5 29. b3 axb3 30. Qg3 Qxc4 31. Rfe1 Qc2 32. Rbd1 b2 0-1

[Event "Winnipeg TNT April op"]
[Site "Winnipeg CAN"]
[Date "2011.04.12"]
[Round "2"]
[White "Mundwiler, Les"]
[Black "Rutter, Blair"]
[Result "1-0"]
[WhiteElo "2019"]
[BlackElo "1881"]
[PlyCount "107"]
[GameId "2160767909779005"]
[EventDate "2011.04.05"]
[EventType "swiss"]
[EventRounds "4"]
[EventCountry "CAN"]
[SourceTitle "EXT 2022"]
[Source "ChessBase"]
[SourceDate "2021.10.06"]
[SourceVersion "1"]
[SourceVersionDate "2021.10.06"]
[SourceQuality "1"]

1. e4 e6 2. d4 d5 3. exd5 exd5 4. c4 c6 5. Nc3 Nf6 6. Bd3 Be7 7. Nge2 O-O 8. O-O Bg4 9. f3 Bh5 10. Re1 dxc4 11. Bxc4 Bd6 12. Bf4 Bg6 13. Qd2 Qc7 14. Bxd6 Qxd6 15. Nf4 Bf5 16. Re5 Bc8 17. Rd1 Nbd7 18. Rg5 b5 19. Bb3 Nb6 20. Ne4 Nxe4 21. fxe4 Qe7 22. Nh5 g6 23. e5 Be6 24. Nf6+ Kh8 25. Rh5 Qxf6 26. Rxh7+ Kxh7 27. exf6 Bxb3 28. axb3 Nd5 29. Qg5 Rh8 30. Rd3 Kg8 31. g4 Re8 32. h4 Re6 33. Rf3 Kf8 34. h5 Rg8 35. Qh6+ Ke8 36. Qh7 Kf8 37. Qh6+ Ke8 38. Qg5 Kf8 39. h6 Rh8 40. Qh4 Kg8 41. Rf5 Kh7 42. Re5 Rhe8 43. Rxe6 Rxe6 44. g5 Rd6 45. Qg3 Rd8 46. b4 Kg8 47. Qa3 Rd7 48. Qa6 Nb6 49. Kf2 Kh7 50. Kf3 Rc7 51. Qa1 Nd5 52. Qc1 Rc8 53. Qc5 Nb6 54. Qe7 1-0

[Event "Winnipeg TNT April op"]
[Site "Winnipeg CAN"]
[Date "2011.04.12"]
[Round "2"]
[White "Pearce, Thomas"]
[Black "Lipic, Stephen"]
[Result "1/2-1/2"]
[WhiteElo "1753"]
[BlackElo "1876"]
[PlyCount "92"]
[GameId "2160767909779006"]
[EventDate "2011.04.05"]
[EventType "swiss"]
[EventRounds "4"]
[EventCountry "CAN"]

1. d4 d5 2. c4 e6 3. e3 c6 4. Bd3 f5 5. Nc3 Nf6 6. Nge2 Bd6 7. O-O O-O 8. Nf4 Qe8 9. Nce2 g5 10. Nh3 Qh5 11. f4 g4 12. Ng3 Qh4 13. Nf2 Ne4 14. Ngxe4 dxe4 15. g3 Qh5 16. Be2 Rf6 17. h4 Rh6 18. Nxg4 fxg4 19. Bxg4 Qg6 20. c5 Be7 21. h5 Qg7 22. Kg2 Nd7 23. Bh3 Nf6 24. f5 exf5 25. Bxf5 Qg5 26. Qb3+ Nd5 27. Bxe4 Rxh5 28. Bxd5+ cxd5 29. e4 Qg4 30. Bf4 Qe2+ 31. Rf2 Qxe4+ 32. Qf3 Bh3+ 33. Kg1 Bf5 34. Qxh5 Bg6 35. Qe5 Re8 36. Bh6 Qxe5 37. dxe5 Bxc5 38. Re1 Be4 39. Be3 Bb4 40. Rc1 a6 41. Bd4 b5 42. e6 Bd6 43. Rf7 Rxe6 44. Rg7+ Kf8 45. Rc8+ Re8 46. Rxe8+ Kxe8 1/2-1/2

[Event "Winnipeg TNT April op"]
[Site "Winnipeg CAN"]
[Date "2011.04.12"]
[Round "2"]
[White "Wasserman, Arie"]
[Black "Iomdina, Alexander"]
[Result "1-0"]
[WhiteElo "1722"]
[BlackElo "1410"]
[PlyCount "31"]
[GameId "2160767909779008"]
[EventDate "2011.04.05"]
[EventType "swiss"]
[EventRounds "4"]
[EventCountry "CAN"]
[SourceTitle "EXT 2022"]
[Source "ChessBase"]
[SourceDate "2021.10.06"]
[SourceVersion "1"]
[SourceVersionDate "2021.10.06"]
[SourceQuality "1"]

1. e4 e5 2. c3 d6 3. Nf3 Nf6 4. Qc2 g6 5. d4 exd4 6. cxd4 Bg7 7. h3 O-O 8. Nc3 Nc6 9. Be3 Bd7 10. Bc4 a6 11. O-O b5 12. Bb3 Na5 13. Qd2 b4 14. Ne2 Nxe4 15. Qd3 Nf6 16. Ng3 1-0

[Event "Winnipeg TNT April op"]
[Site "Winnipeg CAN"]
[Date "2011.04.19"]
[Round "3"]
[White "Boron, Anthony"]
[Black "Green, Jim"]
[Result "0-1"]
[WhiteElo "1986"]
[BlackElo "1826"]
[PlyCount "113"]
[GameId "2160767909779009"]
[EventDate "2011.04.05"]
[EventType "swiss"]
[EventRounds "4"]
[EventCountry "CAN"]
[SourceTitle "EXT 2022"]
[Source "ChessBase"]
[SourceDate "2021.10.06"]
[SourceVersion "1"]
[SourceVersionDate "2021.10.06"]
[SourceQuality "1"]

1. c4 c6 2. e4 e5 3. Nf3 d6 4. d4 Nd7 5. Nc3 Ngf6 6. Bg5 Be7 7. Be2 O-O 8. O-O a6 9. a4 a5 10. Qd2 Qc7 11. Rfe1 Re8 12. h3 Nf8 13. d5 N8d7 14. Rad1 h6 15. Be3 Bf8 16. Bd3 Nh7 17. Nh4 Ndf6 18. Bb1 g5 19. Nf5 Bxf5 20. exf5 Rad8 21. g4 Be7 22. f3 Kh8 23. Qf2 Nd7 24. Ne4 Rg8 25. Re2 Nhf6 26. Nc3 Rg7 27. Rc2 Rdg8 28. Kg2 Rh7 29. Rh1 Kg7 30. Ne4 Nxe4 31. fxe4 Nf6 32. Rcc1 Kf8 33. Bb6 Qb8 34. Bxa5 h5 35. Kf3 hxg4+ 36. hxg4 Rgh8 37. Rxh7 Rxh7 38. Rg1 Qa8 39. b4 Nd7 40. dxc6 bxc6 41. Rg3 c5 42. Bc2 Qa6 43. Bb3 Nb8 44. Bc7 Nd7 45. Ba5 Nb8 46. Kg2 Nc6 47. f6 Bd8 48. Bxd8 Nxd8 49. Qf5 Rh8 50. Qd7 Qa8 51. Qxd6+ Kg8 52. Qxe5 Ne6 53. b5 Qd8 54. Bd1 Qd2+ 55. Kf3 Nd4+ 56. Qxd4 Qxd4 57. Kg2 0-1

[Event "Winnipeg TNT April op"]
[Site "Winnipeg CAN"]
[Date "2011.04.19"]
[Round "3"]
[White "Iomdina, Alexander"]
[Black "Milord, Frank"]
[Result "0-1"]
[WhiteElo "1410"]
[BlackElo "1658"]
[PlyCount "62"]
[GameId "2160767909779011"]
[EventDate "2011.04.05"]
[EventType "swiss"]
[EventRounds "4"]
[EventCountry "CAN"]
[SourceTitle "EXT 2022"]
[Source "ChessBase"]
[SourceDate "2021.10.06"]
[SourceVersion "1"]
[SourceVersionDate "2021.10.06"]
[SourceQuality "1"]

1. d4 d5 2. c4 c6 3. Nc3 Nf6 4. Bg5 e6 5. cxd5 exd5 6. e3 Be7 7. Bd3 O-O 8. Qc2 h6 9. Bh4 Na6 10. a3 Qa5 11. Nge2 Nb4 12. O-O Nxc2 13. b4 Qc7 14. Bg3 Bd6 15. Bxc2 Bxg3 16. fxg3 Ng4 17. Rf3 Re8 18. e4 dxe4 19. Nxe4 Qb6 20. Raf1 Ne5 21. Rf4 Be6 22. Nd6 Re7 23. Kh1 Ng6 24. R4f2 Rd8 25. Nf4 Nxf4 26. Nxf7 Rxf7 27. Rxf4 Rxf4 28. Rxf4 Rxd4 29. Rf2 Rd1+ 30. Bxd1 Qxf2 31. Bf3 Qf1# 0-1

[Event "Winnipeg TNT April op"]
[Site "Winnipeg CAN"]
[Date "2011.04.19"]
[Round "3"]
[White "Kaptsan, Aron"]
[Black "Green, Aaron"]
[Result "0-1"]
[WhiteElo "1985"]
[BlackElo "2021"]
[PlyCount "74"]
[GameId "2160767909779012"]
[EventDate "2011.04.05"]
[EventType "swiss"]
[EventRounds "4"]
[EventCountry "CAN"]
[SourceTitle "EXT 2022"]
[Source "ChessBase"]
[SourceDate "2021.10.06"]
[SourceVersion "1"]
[SourceVersionDate "2021.10.06"]
[SourceQuality "1"]

1. d4 Nf6 2. c4 g6 3. Nc3 Bg7 4. e4 d6 5. Nf3 O-O 6. g3 e5 7. Bg2 Nc6 8. O-O Nd7 9. d5 Ne7 10. Be3 f5 11. exf5 gxf5 12. Ng5 Nf6 13. f4 h6 14. Ne6 Bxe6 15. dxe6 e4 16. Bh3 h5 17. Nd5 Ng4 18. Bd4 Nxd5 19. cxd5 c6 20. Bxg4 hxg4 21. dxc6 bxc6 22. Bxg7 Kxg7 23. h3 gxh3 24. Kh2 Qf6 25. Qc2 Qxe6 26. Kxh3 d5 27. Kg2 d4 28. Qc5 Rfd8 29. Rh1 e3 30. Rh5 Qe4+ 31. Kg1 e2 32. Re1 d3 33. Rg5+ Kf6 34. Rxf5+ Qxf5 35. Qxc6+ Qe6 36. Qc3+ Kf7 37. Qd2 Rac8 0-1

[Event "Winnipeg TNT April op"]
[Site "Winnipeg CAN"]
[Date "2011.04.19"]
[Round "3"]
[White "Milward, David"]
[Black "Evans, Brian"]
[Result "1-0"]
[WhiteElo "1681"]
[BlackElo "1564"]
[PlyCount "47"]
[GameId "2160767909779013"]
[EventDate "2011.04.05"]
[EventType "swiss"]
[EventRounds "4"]
[EventCountry "CAN"]

1. e4 c5 2. Nf3 d6 3. d4 cxd4 4. Nxd4 Nf6 5. Nc3 a6 6. Bg5 e6 7. f4 h6 8. Bh4 Be7 9. Qf3 Qc7 10. O-O-O O-O 11. g4 e5 12. Nf5 Bxf5 13. gxf5 Nbd7 14. Rg1 Rac8 15. Qg2 Nh5 16. Bxe7 Rfe8 17. Bxd6 Qc6 18. Be2 Ndf6 19. fxe5 Nxe4 20. Bxh5 Ng5 21. Qxc6 Rxc6 22. h4 Nh3 23. e6 Rxd6 24. exf7+ 1-0

[Event "Winnipeg TNT April op"]
[Site "Winnipeg CAN"]
[Date "2011.04.19"]
[Round "3"]
[White "Mundwiler, Les"]
[Black "Kernetsky, Myron"]
[Result "1-0"]
[WhiteElo "2019"]
[BlackElo "2034"]
[PlyCount "77"]
[GameId "2160767909779014"]
[EventDate "2011.04.05"]
[EventType "swiss"]
[EventRounds "4"]
[EventCountry "CAN"]
[SourceTitle "EXT 2022"]
[Source "ChessBase"]
[SourceDate "2021.10.06"]
[SourceVersion "1"]
[SourceVersionDate "2021.10.06"]
[SourceQuality "1"]

1. e4 e6 2. d4 d5 3. exd5 exd5 4. c4 Nf6 5. Nc3 Be7 6. Bd3 c6 7. Nge2 O-O 8. O-O dxc4 9. Bxc4 Nbd7 10. Re1 Nb6 11. Bb3 Nbd5 12. Bg5 Be6 13. Ng3 Re8 14. Bxf6 Bxf6 15. Nce4 Be7 16. Qf3 Qa5 17. Nh5 Nc7 18. d5 Bxd5 19. Qg3 Ne6 20. Nef6+ Bxf6 21. Nxf6+ Kh8 22. Nxe8 Rxe8 23. h3 Kg8 24. Rad1 Rd8 25. Re5 h6 26. Qc3 Qb5 27. Qe3 Qa5 28. f4 Kf8 29. f5 Nc7 30. f6 Ne6 31. fxg7+ Kxg7 32. Qg3+ Kf8 33. Rf1 Qb6+ 34. Kh2 Bxb3 35. axb3 Ng7 36. Qf4 Qc7 37. Kh1 Rd6 38. Qe4 Rg6 39. Qxg6 1-0

[Event "Winnipeg TNT April op"]
[Site "Winnipeg CAN"]
[Date "2011.04.19"]
[Round "3"]
[White "Rutter, Blair"]
[Black "Reimer, Bruce"]
[Result "1-0"]
[WhiteElo "1881"]
[BlackElo "1663"]
[PlyCount "83"]
[GameId "2160767909779016"]
[EventDate "2011.04.05"]
[EventType "swiss"]
[EventRounds "4"]
[EventCountry "CAN"]
[SourceTitle "EXT 2022"]
[Source "ChessBase"]
[SourceDate "2021.10.06"]
[SourceVersion "1"]
[SourceVersionDate "2021.10.06"]
[SourceQuality "1"]

1. c4 e5 2. g3 Nc6 3. Bg2 f5 4. Nc3 Nf6 5. d3 Bb4 6. Qb3 Nd4 7. Qd1 O-O 8. e3 Qe7 9. Bd2 Nc6 10. Nge2 d6 11. O-O Bc5 12. Na4 Bb6 13. Nxb6 axb6 14. b4 e4 15. Qc2 Bd7 16. Bc3 Ra7 17. d4 d5 18. c5 bxc5 19. dxc5 Ne5 20. Bxe5 Qxe5 21. Nd4 g5 22. Qd2 g4 23. b5 Rfa8 24. c6 bxc6 25. bxc6 Bc8 26. Rfc1 Ne8 27. Bf1 Nd6 28. Nb3 Nf7 29. Rc5 Be6 30. Bc4 Ng5 31. Kg2 Nf3 32. Qd1 Rxa2 33. Rxa2 Rxa2 34. Bxd5 Bxd5 35. Rxd5 Qe6 36. Rd8+ Kf7 37. Rd7+ Kg6 38. Nd4 Nxd4 39. Qxd4 Qxc6 40. Qg7+ Kh5 41. Qxh7+ Qh6 42. Qxf5+ 1-0

[Event "Winnipeg TNT April op"]
[Site "Winnipeg CAN"]
[Date "2011.04.19"]
[Round "3"]
[White "Wolchock, Theo"]
[Black "Pearce, Thomas"]
[Result "1-0"]
[WhiteElo "1619"]
[BlackElo "1753"]
[PlyCount "53"]
[GameId "2160767909779018"]
[EventDate "2011.04.05"]
[EventType "swiss"]
[EventRounds "4"]
[EventCountry "CAN"]

1. e4 c5 2. Nf3 e6 3. Nc3 Nc6 4. d3 a6 5. a4 d6 6. Be2 Be7 7. Be3 Nf6 8. O-O Bd7 9. d4 Rc8 10. h3 Qb6 11. Qd2 O-O 12. e5 Nd5 13. Nxd5 exd5 14. a5 Qd8 15. exd6 Bxd6 16. dxc5 Be7 17. Qxd5 h6 18. Qh5 Kh7 19. Bd3+ f5 20. Rad1 Qe8 21. Qxe8 Bxe8 22. Rfe1 Nb4 23. Bxh6 Kxh6 24. Rxe7 Nxd3 25. Rxd3 Rxc5 26. Rd6+ g6 27. Rd8 1-0

[Event "Winnipeg TNT April op"]
[Site "Winnipeg CAN"]
[Date "2011.04.26"]
[Round "4"]
[White "Baron, Cody"]
[Black "Iomdina, Alexander"]
[Result "0-1"]
[WhiteElo "1304"]
[BlackElo "1410"]
[PlyCount "56"]
[GameId "2160767909779019"]
[EventDate "2011.04.05"]
[EventType "swiss"]
[EventRounds "4"]
[EventCountry "CAN"]
[SourceTitle "EXT 2022"]
[Source "ChessBase"]
[SourceDate "2021.10.06"]
[SourceVersion "1"]
[SourceVersionDate "2021.10.06"]
[SourceQuality "1"]

1. e3 e5 2. Nc3 f5 3. Be2 Bb4 4. Nd5 Ba5 5. b4 Nf6 6. Nxf6+ Qxf6 7. bxa5 d6 8. Bb2 Nc6 9. Bc3 Qg5 10. g3 b6 11. Nh3 Qh6 12. Bh5+ g6 13. Bf3 Bd7 14. O-O Qxh3 15. Bg2 Qg4 16. e4 Qxd1 17. Rfxd1 fxe4 18. f4 exf3 19. Bxf3 O-O-O 20. axb6 axb6 21. Re1 Rhf8 22. Be2 Nd4 23. Bxd4 exd4 24. Ba6+ Kb8 25. Re7 Ba4 26. Rxh7 Bxc2 27. Rf1 Rxf1+ 28. Bxf1 Re8 0-1

[Event "Winnipeg TNT April op"]
[Site "Winnipeg CAN"]
[Date "2011.04.26"]
[Round "4"]
[White "Evans, Brian"]
[Black "Pottinger, Carl"]
[Result "0-1"]
[WhiteElo "1564"]
[BlackElo "1903"]
[PlyCount "74"]
[GameId "2160767909779020"]
[EventDate "2011.04.05"]
[EventType "swiss"]
[EventRounds "4"]
[EventCountry "CAN"]
[SourceTitle "EXT 2022"]
[Source "ChessBase"]
[SourceDate "2021.10.06"]
[SourceVersion "1"]
[SourceVersionDate "2021.10.06"]
[SourceQuality "1"]

1. e4 c5 2. Nf3 d6 3. d4 cxd4 4. Nxd4 Nf6 5. Nc3 g6 6. Be3 Bg7 7. Be2 O-O 8. O-O Nc6 9. f3 Bd7 10. Qd2 Ne5 11. Kh1 Rc8 12. Nb3 a6 13. Rac1 Nc4 14. Bxc4 Rxc4 15. Bh6 Qc7 16. Bxg7 Kxg7 17. Rf2 Rc8 18. Nd5 Nxd5 19. exd5 e5 20. dxe6 fxe6 21. c3 b5 22. Rd1 d5 23. g3 a5 24. Qe3 b4 25. cxb4 axb4 26. Rd4 Ra8 27. Nd2 Rc1+ 28. Kg2 Rxa2 29. Rxb4 Raa1 30. Rf1 e5 31. Rxc1 Rxc1 32. Rb3 d4 33. Qe4 Bc6 34. Qd3 Bd5 35. Rb4 Rc2 36. Ra4 Rxb2 37. h4 Qc6 0-1

[Event "Winnipeg TNT April op"]
[Site "Winnipeg CAN"]
[Date "2011.04.26"]
[Round "4"]
[White "Green, Jim"]
[Black "Mundwiler, Les"]
[Result "0-1"]
[WhiteElo "1826"]
[BlackElo "2019"]
[PlyCount "34"]
[GameId "2160767909779022"]
[EventDate "2011.04.05"]
[EventType "swiss"]
[EventRounds "4"]
[EventCountry "CAN"]
[SourceTitle "EXT 2022"]
[Source "ChessBase"]
[SourceDate "2021.10.06"]
[SourceVersion "1"]
[SourceVersionDate "2021.10.06"]
[SourceQuality "1"]

1. e4 c5 2. Nf3 Nc6 3. Bb5 d6 4. Bxc6+ bxc6 5. O-O e5 6. d3 Be7 7. h3 Nf6 8. Nbd2 h6 9. Nc4 Be6 10. Ne3 g6 11. Qe2 Nh5 12. Nd1 Bg5 13. Nxg5 hxg5 14. g4 Nf4 15. Bxf4 gxf4 16. Qf3 Qh4 17. Kg2 f5 0-1

[Event "Winnipeg TNT April op"]
[Site "Winnipeg CAN"]
[Date "2011.04.26"]
[Round "4"]
[White "Milord, Frank"]
[Black "Wasserman, Arie"]
[Result "0-1"]
[WhiteElo "1658"]
[BlackElo "1722"]
[PlyCount "104"]
[GameId "2160767909779025"]
[EventDate "2011.04.05"]
[EventType "swiss"]
[EventRounds "4"]
[EventCountry "CAN"]
[SourceTitle "EXT 2022"]
[Source "ChessBase"]
[SourceDate "2021.10.06"]
[SourceVersion "1"]
[SourceVersionDate "2021.10.06"]
[SourceQuality "1"]

1. d4 d5 2. c4 Nf6 3. Nf3 Bg4 4. Qb3 b6 5. Ne5 dxc4 6. Qxc4 Be6 7. Qa4+ Nfd7 8. e4 c6 9. Bf4 Nxe5 10. Bxe5 Bd7 11. Be2 e6 12. O-O c5 13. Bb5 a6 14. Nc3 f6 15. Bxb8 Rxb8 16. Bxd7+ Qxd7 17. Qxd7+ Kxd7 18. dxc5 Bxc5 19. Rad1+ Ke7 20. a3 Rhd8 21. b4 Bd4 22. Ne2 Bb2 23. a4 Rxd1 24. Rxd1 Rc8 25. Kf1 Rc4 26. f3 Rxb4 27. Rb1 e5 28. g4 Ba3 29. Rxb4 Bxb4 30. Nc1 Kd6 31. Nd3 Bc3 32. Ke2 b5 33. axb5 axb5 34. Nc1 Kc5 35. Kd3 b4 36. Nb3+ Kb5 37. h4 h6 38. h5 Ka4 39. Kc4 Ka3 40. Nc1 Kb2 41. Nb3 Kc2 42. Nc5 Kd2 43. Ne6 Ke3 44. Nxg7 Kxf3 45. Nf5 Bd2 46. Ng7 Kxe4 47. Ne6 Kf3 48. Kd3 Be1 49. g5 e4+ 50. Kc2 fxg5 51. Nxg5+ hxg5 52. h6 Bc3 0-1